Rihanna - Paroles Love On The Brain - Statistiques

Statistiques générales
  • Ce quiz a été pris 157 fois
  • Le résultat moyen est 258 sur 348
Statistiques - réponses
Hint Réponse % Correct
mm
99%
me
98%
me?
98%
me?)
98%
me)
98%
me,
98%
a
97%
ah,
97%
ah
97%
oh
97%
oh,
97%
Refrain Oh,
97%
ow
97%
woo,
97%
you
97%
You
97%
like,
96%
like
96%
love
96%
got
94%
Got
94%
I
94%
the
93%
brain
92%
Couplet 1 And
91%
and
91%
on
90%
What
90%
(What
90%
what
90%
be
89%
when
88%
do,
87%
do
87%
to
87%
want
85%
Must
84%
from
81%
get
80%
can
78%
Can
78%
Baby
76%
baby
76%
Couplet 2 Baby,
76%
Just
74%
just
74%
with
70%
your
70%
So
68%
so
68%
can't
67%
good
67%
but
65%
enough
65%
Don't
64%
fall
64%
(fall
64%
loving
64%
(loving
64%
heart,
63%
heart?
63%
I'm
63%
pretty
63%
this
63%
stop
61%
apart
60%
apart)
60%
close
60%
for
59%
No
59%
no
59%
without
59%
tried
58%
way
58%
way)
58%
feeling
57%
(feeling
57%
matter
55%
wall
55%
against
54%
babe?
54%
babe
54%
buy
54%
too
54%
high
53%
It
53%
it
53%
keep
53%
put
53%
start
53%
my
51%
quit
49%
we
48%
black
47%
blue
47%
in
47%
name
47%
name)
47%
price
47%
violin
46%
miles
45%
burn
44%
is
44%
run
44%
fire
43%
fucks
42%
That's
42%
together
42%
taste
40%
cursing
39%
(cursing
39%
played
39%
yeah
39%
throw
38%
of
37%
tired
37%
motherfuckin'
36%
beats
35%
being
35%
keeps
35%
something,
35%
need
34%
All
32%
fist
25%
gotta
24%
fighting
23%
Aucun quiz correspondant
Distribution des résultats
% des personnes avec chaque résultat
Percentile par nombre de réponses
Votre historique - résultats
Vous n’avez pas pris ce quiz